<?xml version="1.0" encoding="UTF-8"?>
<marc:record xmlns:marc="http://www.loc.gov/MARC21/slim">
   <marc:leader>00000nam a2200000 a 4500</marc:leader>
   <marc:datafield ind1="1" ind2=" " tag="100">
      <marc:subfield code="a">Preston, Douglas</marc:subfield>
      <marc:subfield code="4">aut</marc:subfield>
      <marc:subfield code="e">Verfasser/-in</marc:subfield>
   </marc:datafield>
   <marc:datafield ind1="1" ind2=" " tag="100">
      <marc:subfield code="a">Child, Lincoln</marc:subfield>
      <marc:subfield code="4">aut</marc:subfield>
      <marc:subfield code="e">Verfasser/-in</marc:subfield>
   </marc:datafield>
   <marc:datafield ind1="0" ind2="0" tag="245">
      <marc:subfield code="a">BLOODLESS</marc:subfield>
   </marc:datafield>
   <marc:datafield ind1="0" ind2="0" tag="245">
      <marc:subfield code="b">Grab des Verderbens</marc:subfield>
   </marc:datafield>
   <marc:datafield ind1="0" ind2="0" tag="245">
      <marc:subfield code="c">Preston, Douglas</marc:subfield>
   </marc:datafield>
   <marc:datafield ind1=" " ind2="1" tag="264">
      <marc:subfield code="a">München</marc:subfield>
      <marc:subfield code="b">Droemer Knaur Verlag</marc:subfield>
      <marc:subfield code="c">2021</marc:subfield>
   </marc:datafield>
   <marc:datafield ind1="1" ind2=" " tag="490">
      <marc:subfield code="a">Special Agent Pengergast</marc:subfield>
      <marc:subfield code="v">20</marc:subfield>
   </marc:datafield>
   <marc:datafield ind1=" " ind2=" " tag="250">
      <marc:subfield code="a">1. Auflage</marc:subfield>
   </marc:datafield>
   <marc:datafield ind1="1" ind2=" " tag="520">
      <marc:subfield code="a">Was ist noch blutgieriger als ein Vampir?Brandheiße Action trifft eiskalte Spannung im 20. Abenteuer-Thriller mit Kult-Ermittler Aloisius Pendergast, dem berühmtesten Special Agent des FBI. In den Straßen von Savannah im Süden der USA tauchen Leichen auf, die vollkommen blutleer sind. Kein Wunder, dass eine alte Legende der Stadt plötzlich nicht nur wohligen Grusel verursacht: Geht etwa tatsächlich der »Vampir von Savannah« um?Special Agent Pendergast und sein Partner Agent Coldmoon werden mit dem bizarren Fall betraut und erkennen bald, dass es einen Zusammenhang mit einer nie aufgeklärten Flugzeug-Entführung aus dem Jahr 1971 gibt. Doch weder Pendergast noch Coldmoon ahnen, dass hinter beiden Fällen etwas steckt, das unfassbar viel böser ist als ein Vampir. Und längst ist nicht mehr sicher, ob die FBI-Agents Jäger oder Gejagte sind&#xD;
Angaben aus der Verlagsmeldung&#xD;
&#xD;
BLOODLESS - Grab des Verderbens : Ein neuer Fall für Special Agent Pendergast. Thriller Bloodless Preston, BLOODLESS - Grab des Verderbens / von Douglas Preston, Lincoln Child&#xD;
&#xD;
Was ist noch blutgieriger als ein Vampir?&#xD;
Brandheiße Action trifft eiskalte Spannung im 20. Abenteuer-Thriller mit Kult-Ermittler Aloisius Pendergast, dem berühmtesten Special Agent des FBI.&#xD;
&#xD;
In den Straßen von Savannah im Süden der USA tauchen Leichen auf, die vollkommen blutleer sind. Kein Wunder, dass eine alte Legende der Stadt plötzlich nicht nur wohligen Grusel verursacht: Geht etwa tatsächlich der »Vampir von Savannah« um?&#xD;
Special Agent Pendergast und sein Partner Agent Coldmoon werden mit dem bizarren Fall betraut und erkennen bald, dass es einen Zusammenhang mit einer nie aufgeklärten Flugzeug-Entführung aus dem Jahr 1971 gibt. Doch weder Pendergast noch Coldmoon ahnen, dass hinter beiden Fällen etwas steckt, das unfassbar viel böser ist als ein Vampir. Und längst ist nicht mehr sicher, ob die FBI-Agents Jäger oder Gejagte sind.&#xD;
&#xD;
»Pendergast [ist] eine Mischung aus Holmes und Bond [].«&#xD;
Frankfurter Neue Presse über den Pendergast-Thriller »Labyrinth  Elixier des Todes«&#xD;
&#xD;
Die Abenteuer-Thriller mit Special Agent Aloisius Pendergast sind in folgender Reihenfolge erschienen:&#xD;
1. Relic  Museum der Angst&#xD;
2. Attic  Gefahr aus der Tiefe&#xD;
3. Formula  Tunnel des Grauens&#xD;
4. Ritual  Höhle des Schreckens&#xD;
5. Burn Case  Geruch des Teufels&#xD;
6. Darc Secret  Mörderische Jagd&#xD;
7. Maniac  Fluch der Vergangenheit&#xD;
8. Darkness  Wettlauf mit der Zeit&#xD;
9. Cult  Spiel der Toten&#xD;
10. Fever  Schatten der Vergangenheit&#xD;
11. Revenge  Eiskalte Täuschung&#xD;
12. Fear  Grab des Schreckens&#xD;
13. Attac  Unsichtbarer Feind&#xD;
14. Labyrinth  Elixier des Todes&#xD;
15. Demon  Sumpf der Toten&#xD;
16. Obsidian  Kammer des Bösen&#xD;
17. Headhunt  Feldzug der Rache&#xD;
18. Grave  Verse der Toten&#xD;
19. Ocean  Insel des Grauens&#xD;
20. Bloodless  Grab des Verderbens</marc:subfield>
   </marc:datafield>
   <marc:datafield ind1=" " ind2=" " tag="020">
      <marc:subfield code="a">9783426227688</marc:subfield>
      <marc:subfield code="9">9783426227688</marc:subfield>
   </marc:datafield>
   <marc:datafield ind1=" " ind2=" " tag="020">
      <marc:subfield code="a">3426227681</marc:subfield>
      <marc:subfield code="9">3426227681</marc:subfield>
   </marc:datafield>
   <marc:datafield ind1=" " ind2=" " tag="041">
      <marc:subfield code="a">ger</marc:subfield>
   </marc:datafield>
   <marc:datafield ind1="0" ind2=" " tag="490">
      <marc:subfield code="v">20</marc:subfield>
   </marc:datafield>
   <marc:datafield ind1=" " ind2=" " tag="338">
      <marc:subfield code="a">Band</marc:subfield>
   </marc:datafield>
   <marc:datafield ind1=" " ind2=" " tag="300">
      <marc:subfield code="a">432 Seiten</marc:subfield>
   </marc:datafield>
</marc:record>
